| 000 | 00995nam0a2200277 4500 | ||
|---|---|---|---|
| 001 | RU\NLR\BIBL_A\011779562 | ||
| 005 | 20250806210513.0 | ||
| 035 | _a(NLR Aleph) 011779562 | ||
| 090 |
_a72600 _c72600 |
||
| 100 | _a20180830d1942 m y0rusy50 ca | ||
| 101 | 1 |
_ache _crus |
|
| 102 | _aRU | ||
| 105 | _aa z 000gy | ||
| 200 | 1 |
_aСтихаш _fС. Маршак _g[пер. Арби Мамакаева] |
|
| 210 |
_aСоьлж-ГIала _cНохчгIалгIпачхьалкхиздат _d1942 |
||
| 215 |
_a12 с. _cил. _d23 |
||
| 541 | 1 |
_aСтихи _zrus |
|
| 686 | 1 | _aШ6(2=Че)-91Р7-5 | |
| 700 | 1 |
_aМаршак _bС. Я. _f1887-1964 _gСамуил Яковлевич _3RU\NLR\AUTH\774792 _4070 |
|
| 702 | 1 |
_aМамакаев _bА. Ш. _f1918-1958 _gАрби Шамсутдинович _4730 |
|
| 852 |
_aNLR _bОНЛ _jЧеч./3-183 |
||
| 942 | _cBOOK | ||
| 945 | _aРоссийская национальная библиотека | ||
| 980 | _aNB | ||
| 980 | _aBV | ||